Anılarım (Record no. 8028)

MARC details
000 -BAŞLIK
Sabit Uzunlukta Kontrol Alanı 01131na a2200349 4500
001 - KONTROL NUMARASI
Denetim Alanı 13816
003 - KONTROL NUMARASI IDENTIFIER
Denetim Alanı MIRAKIL
005 - SON İŞLEM TARİHİ VE ZAMANI
Denetim Alanı 20181213155157.0
008 - SABİT-BOY VERİ ELEMANLARI - GENEL BİLGİLER
Sabit Uzunlukta Kontrol Alanı 170521b tu 000 0
020 ## - ULUSLARARASI STANDART KİTAP NUMARASI
Uluslararası Standart Kitap Numarası 9789752204171
035 ## - SİSTEM KONTROL NUMARASI
Sistem Kontrol Numarası 13816
040 ## - KATALOGLAMA KAYNAK
Orijinal Kataloglama Ajansı Milas
Kataloglama Dili tur
Metne Dönüştürmek Ajansı TR-AnCHP
041 ## - DİL KODU
Metin / Ses Parça Veya Ayrı Başlığın Dil Kodu tur
082 ## - DEWEY ONLU SINIFLANDIRMA NUMARASI
Sınıflandırma Numarası 923.43 Savaş,V.
Ürün Numarası S28a 2012
090 ## - SINIFLAMA NUMARASI
Sınıflama Numarası 923.43 Savaş,V. S28a 2012
100 ## - ANA GİRİŞ - KİŞİSEL İSİM
Kişisel Ad Savaş, Vural
245 ## - BAŞLIK TABLOSU
Başlık Anılarım
Başlığın Kalan bir devrin perde arkası
Sorumluluk Tablosu, Vb Vural Savaş
246 ## - UNVAN FORM VARYING
Başlık Doğru / Kısa Başlığı Bir devrin perde arkası
246 ## - UNVAN FORM VARYING
Başlık Doğru / Kısa Başlığı Bir dönemin perde arkası
260 ## - YAYIN, DAĞITIM, VB
Yayın, Dağıtım, Vb Yeri Ankara
Yayıncı, Dağıtıcı, Vs Adı Bilgi Yayınevi
Yayın, Dağıtım, Vb Tarihi 2012
300 ## - FİZİKSEL TANIM
Kapsam 421 s.
Boyutlar 19 sm.
500 ## - GENEL NOT
Genel Not Dizin var.
505 ## - BİÇİMLENDİRİLDİ İÇİNDEKİLER NOT
Biçimlendirilmiş İçeriği Dikkat 28 Şubat'ın bilinmeyenleri -- Kayıp trilyon rezaleti -- F. Gülen çatışması -- RTE çekişmesi -- Militan ve jakoben.
600 ## - KONU KATMA GİRİŞ - KURUMSAL ADI
Kişisel Ad Savaş, Vural
Genel Alt Bölümü Anılar
650 ## - KONU KATMA GİRİŞ - TOPİKAL DÖNEM
Topikal Süreli Veya Coğrafi Ad Giriş Elemanı Hukuk
Genel Alt Bölümü Anılar
Coğrafi Alt Bölümü Türkiye
650 ## - KONU KATMA GİRİŞ - TOPİKAL DÖNEM
Topikal Süreli Veya Coğrafi Ad Giriş Elemanı Fethullah Gülen Davası
Genel Alt Bölümü Anılar
650 ## - KONU KATMA GİRİŞ - TOPİKAL DÖNEM
Topikal Süreli Veya Coğrafi Ad Giriş Elemanı Kayıp Trilyon Davası
Genel Alt Bölümü Anılar
650 ## - KONU KATMA GİRİŞ - TOPİKAL DÖNEM
Topikal Süreli Veya Coğrafi Ad Giriş Elemanı 28 Şubat
Genel Alt Bölümü Anılar
650 ## - KONU KATMA GİRİŞ - TOPİKAL DÖNEM
Topikal Süreli Veya Coğrafi Ad Giriş Elemanı Savcılar
Genel Alt Bölümü Anılar
Coğrafi Alt Bölümü Türkiye
651 ## - KONU KATMA GİRİŞ - COĞRAFİ ADI
Coğrafi İsim Türkiye
Genel Alt Bölümü Siyaset ve yönetim
Kronolojik Alt Bölümü 1980-
942 ## - EKLENDİ GİRİŞ ELEMANLARI (KOHA)
Sınıflandırma Veya Raf Düzeni Kaynak
Koha Öğesi Türü Books
999 ## - SİSTEM KONTROL NUMARALARI (KOHA)
Koha Biblionumber 8028
Koha Biblioitemnumber 8028
Holdings
Kalıcı Konum Mevcut Konum Edinme Tarihi Edinim Kaynak Toplam Check-Out'Lar Tam Çağrı Numarası Barkod Tarih Son Görülme İtibaren Geçerli Fiyatlar Koha Öğesi Türü
CHP Kütüphanesi CHP Kütüphanesi 08/18/2016 Bağış   923.43 Savaş,V. S28a 2012 001353 08/18/2016 08/18/2016 Books